[Event "AUTO-OPEN-3413"]
[Site "http://www.queenalice.com/game.php?id=1332949"]
[Date "2015.1.5"]
[Round "1"]
[White "Herivelto"]
[Black "hjs"]
[Result "0-1"]
[WhiteElo "1964"]
[BlackElo "2476"]

1. Nf3 d5 2. b3 c5 3. Bb2 f6 4. d4 cxd4 5. Bxd4 Nc6 6. Bb2 e5 7. e3 Be6 8. Nbd2
Bc5 9. Bb5 Ne7 10. O-O O-O 11. a3 e4 12. Nd4 Nxd4 13. Bxd4 Bxd4 14. exd4 Qb6 15.
c4 Qxd4 16. Re1 Rfd8 17. cxd5 Bxd5 18. Bc4 f5 19. Qc2 Rac8 20. Rad1 Qe5 21. f4
Qb8 22. Qb2 b5 23. Bf1 Qb6+ 24. Kh1 Ng6 25. b4 Qf2 26. Re2 Qxf4 27. Nb1 e3 28.
Rd4 Qxf1# 0-1

[Event "AUTO-OPEN-3429"]
[Site "http://www.queenalice.com/game.php?id=1339012"]
[Date "2015.2.3"]
[Round "1"]
[White "hjs"]
[Black "vivafischer"]
[Result "1-0"]
[WhiteElo "2480"]
[BlackElo "1823"]

1. e4 e6 2. d4 d5 3. Nc3 Bb4 4. e5 c5 5. a3 Bxc3+ 6. bxc3 Qa5 7. Bd2 Qa4 8. Qb1
c4 9. Ne2 Nc6 10. h4 Bd7 11. Nf4 g6 12. Be2 O-O-O 13. O-O h6 14. Qc1 Nge7 15.
Bg4 Rh7 16. Rb1 b6 17. Ne2 Rdh8 18. Ng3 Kb7 19. Be3 Ka8 20. Bf3 f6 21. exf6 Ng8
22. f7 Rxf7 23. Re1 Nge7 24. Bxh6 Qa5 25. Qd2 Rxh6 26. Qxh6 1-0

[Event "AUTO-OPEN-3429"]
[Site "http://www.queenalice.com/game.php?id=1339013"]
[Date "2015.2.3"]
[Round "1"]
[White "vivafischer"]
[Black "hjs"]
[Result "0-1"]
[WhiteElo "2196"]
[BlackElo "2478"]

1. d4 Nf6 2. c4 g6 3. Nc3 d5 4. Bf4 Bg7 5. e3 O-O 6. Qb3 c5 7. cxd5 cxd4 8. exd4
Nbd7 9. Be2 Nb6 10. Bf3 Bf5 11. Nge2 Bd3 12. d6 exd6 13. O-O Bc4 14. Qb4 d5 15.
a4 a5 16. Qa3 Ne4 17. Rfe1 Re8 18. Rad1 Bf8 19. Qa1 Bb4 20. Ng3 f5 21. Nf1 Qd7
22. Rc1 Bxc3 23. bxc3 Qxa4 24. Qb2 Qb3 0-1

[Event "AUTO-OPEN-3429"]
[Site "http://www.queenalice.com/game.php?id=1339014"]
[Date "2015.2.3"]
[Round "1"]
[White "hjs"]
[Black "valdiluis"]
[Result "1-0"]
[WhiteElo "2477"]
[BlackElo "2013"]

1. c4 f5 2. d4 Nf6 3. Nc3 e6 4. g3 Bb4 5. Bg2 Ne4 6. Qd3 O-O 7. Nf3 Nc6 8. O-O
Nxc3 9. bxc3 Be7 10. d5 Na5 11. e4 fxe4 12. Qxe4 c6 13. dxe6 d5 14. cxd5 Qxd5
15. Qxd5 cxd5 16. Nd4 Bf6 17. Bxd5 Bxd4 18. e7+ 1-0

[Event "AUTO-OPEN-3429"]
[Site "http://www.queenalice.com/game.php?id=1339015"]
[Date "2015.2.3"]
[Round "1"]
[White "valdiluis"]
[Black "hjs"]
[Result "0-1"]
[WhiteElo "1859"]
[BlackElo "2475"]

1. d4 Nf6 2. c4 g6 3. Nc3 d5 4. e3 Bg7 5. Bd3 O-O 6. Nge2 c6 7. O-O Nbd7 8. c5
e5 9. b4 b6 10. Ng3 e4 11. Bb1 bxc5 12. bxc5 Ba6 13. Re1 Rb8 14. Qa4 Qc8 15. Bc2
Bc4 16. Ncxe4 Nxe4 17. Nxe4 Bb5 18. Qa5 dxe4 19. Bxe4 Nxc5 20. Ba3 Nxe4 21. Bxf8
Bxf8 22. Rac1 Bd3 23. f3 Bb4 24. Qxa7 Ra8 25. Rxc6 Qxc6 0-1

[Event "AUTO-OPEN-3429"]
[Site "http://www.queenalice.com/game.php?id=1339016"]
[Date "2015.2.3"]
[Round "1"]
[White "hjs"]
[Black "cex5"]
[Result "1-0"]
[WhiteElo "2481"]
[BlackElo "1686"]

1. d4 d5 2. c4 c6 3. Nc3 dxc4 4. e4 e6 5. Bxc4 b5 6. Be2 Bb7 7. Nf3 Ba6 8. O-O
b4 9. Bxa6 bxc3 10. bxc3 Nxa6 11. Ne5 Bd6 12. Qe2 Bxe5 13. Qxa6 Bd6 14. Qxc6+
Kf8 15. e5 Be7 16. Rb1 Rc8 17. Qf3 f6 18. Rb7 Rc7 19. Rb3 Qd7 20. Bf4 Rc8 21.
Rfb1 f5 22. Bd2 Bd8 23. Rb7 Rc7 24. Rxc7 Bxc7 25. Qa8+ Bd8 26. Rb8 Ke8 27. Bg5
Ne7 28. Rb7 Qd5 29. Rxe7+ Kf8 30. Qxa7 h6 31. Rxg7 Qb5 32. Qf7# 1-0

[Event "AUTO-OPEN-3429"]
[Site "http://www.queenalice.com/game.php?id=1339017"]
[Date "2015.2.3"]
[Round "1"]
[White "cex5"]
[Black "hjs"]
[Result "0-1"]
[WhiteElo "1685"]
[BlackElo "2484"]

1. e4 e6 2. c3 d5 3. e5 c5 4. d4 Nc6 5. a3 Qb6 6. Nf3 Bd7 7. Bd2 Qxb2 8. Bd3
Qxa1 9. O-O cxd4 10. Qc2 Rc8 11. Bc1 dxc3 12. Nxc3 Nd4 13. Nxd4 Rxc3 14. Qd2
Rxc1 15. Rxc1 Qxd4 16. Rc8+ Ke7 17. Rc7 Qb6 18. Qb4+ Ke8 19. Qxb6 axb6 20. Rxb7
Bc5 21. Rb8+ Ke7 22. Rb7 Nh6 23. Bb5 Rd8 24. a4 Ng4 25. Rc7 Bxf2+ 26. Kf1 Bc5
27. a5 Nxh2+ 28. Ke2 Ng4 29. a6 Nxe5 30. a7 Kd6 31. Rb7 Bxb5+ 32. Kd1 Bc6 33.
Rb8 Kc7 34. Rxd8 Kxd8 35. Kc2 g5 36. g3 d4 37. Kb3 d3 38. Kc3 Bb4+ 39. Kxb4 d2
40. Kc3 d1=Q 41. Kb4 Qd2+ 42. Kb3 Bd5+ 43. Ka3 Qc3+ 44. Ka4 Qb3# 0-1

[Event "AUTO-ELITE-1377"]
[Site "http://www.queenalice.com/game.php?id=1339656"]
[Date "2015.2.5"]
[Round "2"]
[White "Donidon"]
[Black "hjs"]
[Result "1-0"]
[WhiteElo "2378"]
[BlackElo "2482"]

1. e4 e6 2. d4 d5 3. Nc3 Nf6 4. e5 Nfd7 5. f4 c5 6. Nf3 a6 7. Be3 Qb6 8. a3 Nc6
9. Be2 Qa7 10. Qd2 cxd4 11. Nxd4 Bc5 12. O-O-O O-O 13. Kb1 Nxd4 14. Bxd4 b5 15.
h4 Bb7 16. Rh3 Rac8 17. Bxc5 Qxc5 18. Bd3 f6 19. exf6 Nxf6 20. Ne2 Ng4 21. Nd4
Qd6 22. Re1 Rce8 23. Rg3 Nf6 24. Rg5 Rf7 25. Rge5 Ne4 26. Qe3 Rf6 27. c3 Rg6 28.
Rd1 Rxg2 29. Nxe6 Qxa3 30. Bc2 Qa5 31. Bxe4 dxe4 32. Ng5 1-0

[Event "AUTO-ELITE-1377"]
[Site "http://www.queenalice.com/game.php?id=1339657"]
[Date "2015.2.5"]
[Round "2"]
[White "hjs"]
[Black "Donidon"]
[Result "1-0"]
[WhiteElo "2476"]
[BlackElo "2455"]

1. e4 c5 2. Nf3 Nc6 3. d4 cxd4 4. Nxd4 d6 5. c4 g6 6. Nc3 Bg7 7. Be3 Nf6 8. Be2
O-O 9. O-O Bd7 10. Qd2 Nxd4 11. Bxd4 Bc6 12. f3 a6 13. Rfd1 Rc8 14. Rac1 Qa5 15.
Nd5 Qd8 16. Nxf6+ exf6 17. Bd3 Qe7 18. b3 b5 19. cxb5 Bxb5 20. Bf2 Qe6 21. Bxb5
axb5 22. Bg3 Rfd8 23. Rxc8 Qxc8 24. Qb4 Qc2 25. Qd2 Qc6 26. h3 Bf8 27. Bf2 Rc8
28. Be3 Qb7 29. Qd4 Be7 30. Qb6 Qxb6 31. Bxb6 Rc2 32. a4 Rb2 33. a5 Ra2 34. Rd5
Kf8 35. Rxb5 Ke8 36. Be3 f5 37. exf5 Bf6 38. Rb8+ Kd7 39. Rb7+ Ke8 40. b4 gxf5
41. Rb6 Kd7 42. a6 Bh4 43. b5 Re2 44. Bf4 Ra2 45. Rxd6+ Kc8 46. Kh2 Bf2 47. Rf6
Ra4 48. Rxf5 h5 49. Bg3 Be3 50. Rxh5 Ra1 51. h4 Bg1+ 52. Kh3 Kd7 53. Rd5+ Ke6
54. Rd6+ Ke7 55. b6 Bf2 56. Bxf2 Kxd6 57. b7 Rb1 58. b8=Q+ 1-0

[Event "AUTO-ELITE-1485"]
[Site "http://www.queenalice.com/game.php?id=1354802"]
[Date "2015.4.21"]
[Round "1"]
[White "hjs"]
[Black "Zugswang"]
[Result "1-0"]
[WhiteElo "2488"]
[BlackElo "2205"]

1. e4 Nf6 2. e5 Nd5 3. d4 d6 4. c4 Nb6 5. exd6 cxd6 6. Nc3 g6 7. Be3 Bg7 8. Rc1
O-O 9. b3 Nc6 10. d5 Ne5 11. Be2 h5 12. h3 a5 13. f4 Ned7 14. Nf3 Nc5 15. O-O
Bf5 16. Bd4 Bxd4+ 17. Nxd4 Bd7 18. f5 Kg7 19. Qd2 e5 20. dxe6 fxe6 21. fxg6 Qh4
22. Ncb5 Ne4 23. Qe3 Ng3 24. Nc7 Nxf1 25. Ndxe6+ Bxe6 26. Nxe6+ Kg8 27. Qh6 Qf2+
28. Kh1 Ng3+ 29. Kh2 Rf7 30. gxf7+ Qxf7 31. Kxg3 Re8 32. Bg4 hxg4 33. Qg5+ Kh8
34. hxg4 1-0

[Event "AUTO-ELITE-1485"]
[Site "http://www.queenalice.com/game.php?id=1354803"]
[Date "2015.4.21"]
[Round "1"]
[White "Zugswang"]
[Black "hjs"]
[Result "0-1"]
[WhiteElo "2231"]
[BlackElo "2485"]

1. e4 e6 2. d4 d5 3. Nc3 Nf6 4. Bg5 Be7 5. e5 Nfd7 6. Bxe7 Qxe7 7. f4 a6 8. a3
c5 9. Nf3 Nc6 10. Ne2 Nb6 11. c3 Bd7 12. g4 Nc4 13. Qc1 N6a5 14. Rb1 Nb3 15. Qc2
Ba4 16. Nc1 Nxd4 17. Qxa4+ b5 18. Qd1 Ne3 19. Qd3 c4 20. Qxd4 Nc2+ 21. Kf2 Nxd4
22. cxd4 a5 23. h4 b4 24. axb4 axb4 0-1

[Event "AUTO-ELITE-1485"]
[Site "http://www.queenalice.com/game.php?id=1354804"]
[Date "2015.4.21"]
[Round "1"]
[White "hjs"]
[Black "mathematician1961"]
[Result "0-1"]
[WhiteElo "2486"]
[BlackElo "2690"]

1. e4 e6 2. d4 d5 3. Nc3 Nf6 4. Bg5 Bb4 5. e5 h6 6. Be3 Ne4 7. Qg4 Kf8 8. a3
Bxc3+ 9. bxc3 Nxc3 10. Bd3 b6 11. Ne2 Nxe2 12. Qxe2 a5 13. O-O Nc6 14. Bb5 Ne7
15. h3 Bb7 16. Rac1 Kg8 17. Bd3 Qc8 18. c4 dxc4 19. Bxc4 Nd5 20. Bd2 Ba6 21.
Rfe1 Bxc4 22. Rxc4 Qd8 23. Rec1 g6 24. Qf3 Kg7 25. Qg3 Qd7 26. a4 b5 27. axb5
Qxb5 28. Rc5 Qb2 29. Be3 Qb6 30. Rc6 Qb7 31. R6c2 a4 32. Qf3 a3 33. Ra2 Ra4 34.
Rca1 Rha8 0-1

[Event "AUTO-ELITE-1485"]
[Site "http://www.queenalice.com/game.php?id=1354805"]
[Date "2015.4.21"]
[Round "1"]
[White "mathematician1961"]
[Black "hjs"]
[Result "1-0"]
[WhiteElo "2686"]
[BlackElo "2490"]

1. e4 e6 2. d4 d5 3. Nd2 Nf6 4. e5 Nfd7 5. c3 c5 6. Bd3 Nc6 7. Ne2 cxd4 8. cxd4
f6 9. exf6 Nxf6 10. O-O Bd6 11. Nf3 Qc7 12. Nc3 a6 13. Bd2 O-O 14. h3 Bd7 15.
Re1 Rae8 16. Rc1 Qb8 17. a3 b5 18. b4 Rc8 19. Qe2 Qb6 20. Be3 Qb8 21. Bb1 h6 22.
Qd3 Rf7 23. Bd2 Re7 24. Re2 Kf8 25. Rce1 Nd8 26. Ne5 Be8 27. Re3 Bh5 28. g4 Bf7
29. Rf3 Bxe5 30. dxe5 Ng8 31. Qh7 Nc6 32. g5 hxg5 33. Rg3 1-0

[Event "AUTO-ELITE-1494"]
[Site "http://www.queenalice.com/game.php?id=1358693"]
[Date "2015.5.10"]
[Round "1"]
[White "Maniusiek"]
[Black "hjs"]
[Result "1-0"]
[WhiteElo "2552"]
[BlackElo "2419"]

1. e4 e6 2. d3 d5 3. Nd2 Nf6 4. Ngf3 b6 5. g3 Bb7 6. Bg2 dxe4 7. Ng5 Nc6 8.
Ngxe4 Nxe4 9. Nxe4 Qd7 10. Bg5 h6 11. Bf6 Ne7 12. Bc3 Nd5 13. O-O Nxc3 14. Nxc3
Bxg2 15. Kxg2 Bc5 16. Ne4 Be7 17. Qf3 O-O 18. a4 Rfd8 19. Nd2 Bf6 20. Nc4 Qd5
21. Rfe1 Qxf3+ 22. Kxf3 Rd5 23. h4 Rad8 24. Ke2 g6 25. f4 h5 26. Rad1 c6 27. Ra1
Bd4 28. Red1 Bh8 29. Ne3 R5d7 30. Nc4 Bf6 31. Kf3 b5 32. axb5 cxb5 33. Ne5 Bxe5
34. fxe5 b4 35. Ke3 Rc8 36. Kd2 Rc5 37. Re1 Rdc7 38. Rac1 Ra5 39. c4 bxc3+ 40.
bxc3 Ra2+ 41. Rc2 Ra3 42. c4 1-0

[Event "AUTO-ELITE-1494"]
[Site "http://www.queenalice.com/game.php?id=1358694"]
[Date "2015.5.10"]
[Round "1"]
[White "hjs"]
[Black "Maniusiek"]
[Result "0-1"]
[WhiteElo "2425"]
[BlackElo "2546"]

1. d4 d5 2. c4 c6 3. Nf3 Nf6 4. Nc3 dxc4 5. a4 Bf5 6. Nh4 Bc8 7. e3 e5 8. Bxc4
exd4 9. exd4 Be7 10. O-O O-O 11. Re1 Na6 12. Nf3 Nb4 13. Ne5 Nfd5 14. a5 Be6 15.
Qb3 Qc7 16. Bd2 Rad8 17. Ne4 Rfe8 18. Ra4 f6 19. Nf3 Na6 20. Neg5 Bc8 21. Ne4
Bf8 22. Bxd5+ cxd5 23. Nc3 Rxe1+ 24. Nxe1 Qc6 25. Nc2 Be6 26. Nb5 Bd7 27. Nc3
Nc7 28. Ra1 Be8 29. Ne3 Ne6 30. Ncxd5 Bf7 31. Qc3 Rd7 32. a6 Rxd5 33. Qxc6 bxc6
34. Nxd5 cxd5 35. Rc1 Be8 36. Rc8 Bb5 37. Ra8 Bxa6 38. Rxa7 Bc4 39. Bc3 Nf4 40.
Ra8 Ne2+ 41. Kh1 Kf7 42. Ra7+ Ke6 43. Rb7 h5 44. Rb8 Nxc3 45. bxc3 Ba3 46. Rb1
Kf5 47. f3 Kf4 48. Rb7 Bc1 0-1

[Event "AUTO-OPEN-3429"]
[Site "http://www.queenalice.com/game.php?id=1372600"]
[Date "2015.7.21"]
[Round "2"]
[White "hjs"]
[Black "Yran"]
[Result "0-1"]
[WhiteElo "2438"]
[BlackElo "2205"]

1. e4 c5 2. Nf3 d6 3. d4 cxd4 4. Nxd4 Nf6 5. Nc3 a6 6. Be3 e6 7. f3 Be7 8. Qd2
O-O 9. O-O-O b5 10. Kb1 Bb7 11. g4 Nc6 12. h4 Nd7 13. g5 Nce5 14. a3 Rc8 15. h5
Nb6 0-1

[Event "AUTO-OPEN-3429"]
[Site "http://www.queenalice.com/game.php?id=1372601"]
[Date "2015.7.21"]
[Round "2"]
[White "Yran"]
[Black "hjs"]
[Result "1-0"]
[WhiteElo "2164"]
[BlackElo "2465"]

1. d4 d5 2. Nf3 Nf6 3. Bf4 Bf5 4. e3 e6 5. h3 Nbd7 6. Bd3 Bg6 7. O-O Bd6 8. c3
O-O 9. Ne5 Bxe5 10. Bxe5 Nxe5 11. dxe5 Bxd3 12. Qxd3 Nd7 13. f4 Nc5 14. Qe2 c6
15. Nd2 Qb6 16. Nf3 1-0

[Event "AUTO-OPEN-3413"]
[Site "http://www.queenalice.com/game.php?id=1374990"]
[Date "2015.8.2"]
[Round "2"]
[White "Yran"]
[Black "hjs"]
[Result "1-0"]
[WhiteElo "2142"]
[BlackElo "2480"]

1. d4 d5 2. Nf3 Nf6 3. e3 Bf5 4. Bd3 Bg6 5. O-O e6 6. c3 Bd6 7. Re1 O-O 8. Bxg6
hxg6 9. Nbd2 c5 10. e4 dxe4 11. Nxe4 Nxe4 12. Rxe4 Nc6 13. Bg5 Be7 14. Bxe7 1-0

[Event "AUTO-OPEN-3413"]
[Site "http://www.queenalice.com/game.php?id=1374991"]
[Date "2015.8.2"]
[Round "2"]
[White "hjs"]
[Black "Yran"]
[Result "0-1"]
[WhiteElo "2451"]
[BlackElo "2185"]

1. e4 c5 2. Nf3 Nc6 3. d4 cxd4 4. Nxd4 e5 5. Nb5 d6 6. N1c3 a6 7. Na3 Nf6 8. Bg5
Be6 9. Nc4 b5 10. Bxf6 Qxf6 11. Nxd6+ Bxd6 12. Qxd6 Ne7 0-1